[Event "Bohumin op-A 6th"]
[Site "Bohumin"]
[Date "2023.07.03"]
[Round "3"]
[White "Malinowski, Damian"]
[Black "O'Cuilleanain, Oisin"]
[Result "0-1"]
[WhiteElo "2001"]
[BlackElo "2130"]
[PlyCount "122"]
[EventDate "2023.07.01"]
[EventType "swiss"]
[EventRounds "9"]
[EventCountry "CZE"]
[SourceTitle "CBM 215 Extra"]
[Source "ChessBase"]
[SourceDate "2023.09.30"]
[SourceVersion "1"]
[SourceVersionDate "2023.09.30"]
[SourceQuality "1"]

1. c4 c5 2. Nc3 Nc6 3. g3 g6 4. Bg2 Bg7 5. e4 d6 6. d3 Nf6 7. Nge2 0-0 8. 0-0 Bg4 9. f3 Bd7 10. Be3 a6 11. Qd2 Rb8 12. a4 Ne8 13. Bh6 Bxh6 14. Qxh6 Nc7 15. Qd2 b5 16. axb5 axb5 17. b3 b4 18. Nd5 Ne6 19. Qb2 Ned4 20. Ndf4 Nxe2+ 21. Nxe2 Ra8 22. Rxa8 Qxa8 23. Ra1 Qb7 24. Qa2 Qc7 25. h3 Bc8 26. Kh2 Bb7 27. Qb2 e5 28. h4 Rb8 29. Bh3 Qd8 30. Ra2 Ra8 31. Qa1 Kf8 32. Rxa8 Qxa8 33. Qxa8+ Bxa8 34. Kg2 Ke7 35. Kf2 Na5 36. Nc1 Bc6 37. Ke2 Be8 38. Kd2 f6 39. Kc2 g5 40. hxg5 fxg5 41. g4 Nc6 42. Ne2 Nd4+ 43. Nxd4 exd4 44. Bf1 Kf6 45. Kd2 Ke5 46. Be2 Kf4 47. Ke1 Ke3 48. Kf1 Kd2 49. Kf2 Ba4 50. f4 gxf4 51. g5 Bxb3 52. Bg4 Bxc4 53. dxc4 b3 54. Bf5 b2 55. e5 d3 56. exd6 b1Q 57. d7 Qe1+ 58. Kf3 Qe2+ 59. Kxf4 Qe3+ 60. Kg4 Qe7 61. Kh5 Ke3 0-1

[Event "EU-ch Rapid"]
[Site "Katowice"]
[Date "2021.12.18"]
[Round "5"]
[White "Lewtak, Damian"]
[Black "Malinowski, Damian"]
[Result "1-0"]
[WhiteElo "2383"]
[BlackElo "1985"]
[PlyCount "95"]
[EventDate "2021.12.18"]
[EventType "swiss (rapid)"]
[EventRounds "11"]
[EventCountry "POL"]
[SourceTitle "CBM 205 Extra"]
[Source "ChessBase"]
[SourceDate "2022.01.31"]
[SourceVersion "1"]
[SourceVersionDate "2022.01.31"]
[SourceQuality "1"]

1. c3 d5 2. d4 Nf6 3. Bf4 e6 4. e3 Bd6 5. Nd2 0-0 6. Bd3 b6 7. Bg3 Bb7 8. Qc2 c5 9. Ngf3 Nc6 10. 0-0 Bxg3 11. hxg3 h6 12. Rfe1 Rc8 13. Rac1 Re8 14. Bb5 a6 15. Bxc6 Bxc6 16. Ne5 Qd6 17. f4 Nd7 18. Ndf3 Nxe5 19. dxe5 Qc7 20. g4 Qb7 21. Qf2 Rcd8 22. Red1 Rd7 23. Rd2 Red8 24. Rcd1 b5 25. b4 d4 26. exd4 Bxf3 27. Qxf3 Qxf3 28. gxf3 cxb4 29. cxb4 Rc7 30. Kf2 Rc4 31. a3 Rc3 32. Rd3 Rc2+ 33. R1d2 Rc1 34. d5 exd5 35. Rxd5 Rxd5 36. Rxd5 Rc3 37. Rd8+ Kh7 38. f5 Rc6 39. Ke3 g6 40. fxg6+ fxg6 41. Rd7+ Kg8 42. f4 h5 43. gxh5 gxh5 44. f5 h4 45. e6 h3 46. Rd8+ Kg7 47. e7 Rc3+ 48. Ke4 1-0

[Event "EU-ch Rapid"]
[Site "Katowice"]
[Date "2021.12.18"]
[Round "2"]
[White "Malinowski, Damian"]
[Black "Piesik, Piotr"]
[Result "0-1"]
[WhiteElo "1985"]
[BlackElo "2407"]
[PlyCount "96"]
[EventDate "2021.12.18"]
[EventType "swiss (rapid)"]
[EventRounds "11"]
[EventCountry "POL"]
[SourceTitle "CBM 205 Extra"]
[Source "ChessBase"]
[SourceDate "2022.01.31"]
[SourceVersion "1"]
[SourceVersionDate "2022.01.31"]
[SourceQuality "1"]

1. c4 g6 2. Nc3 Bg7 3. g3 Nc6 4. Bg2 d6 5. e4 Nd4 6. d3 c5 7. h3 e6 8. Nge2 Ne7 9. 0-0 0-0 10. Be3 Rb8 11. Qd2 Re8 12. Bh6 Bh8 13. Nxd4 cxd4 14. Ne2 b5 15. b3 d5 16. exd5 exd5 17. cxb5 Rxb5 18. g4 Nc6 19. Rac1 Bb7 20. Rfe1 Bg7 21. Bxg7 Kxg7 22. Qf4 Qf6 23. Qxf6+ Kxf6 24. Nf4 Rxe1+ 25. Rxe1 Nb4 26. a4 Rc5 27. Re8 a5 28. h4 h6 29. Ne2 Nxd3 30. Nxd4 Rc1+ 31. Kh2 Nxf2 32. Kg3 Ne4+ 33. Bxe4 dxe4 34. Rb8 Rc3+ 35. Kf2 Bd5 36. Rb5 Ke5 37. Ne2 Rf3+ 38. Ke1 Rxb3 39. Rxa5 e3 40. Ng3 Kd4 41. Rb5 Ra3 42. Ne2+ Kc4 43. Nf4 Bf3 44. Rb1 Rxa4 45. Rc1+ Kd4 46. g5 hxg5 47. hxg5 Ke4 48. Nh3 Bg4 0-1

[Event "POL-chT 2nd League"]
[Site "Jastrzebia Gora"]
[Date "2019.09.08"]
[Round "2.10"]
[White "Malinowski, Damian"]
[Black "Rak, Tomasz"]
[Result "1-0"]
[WhiteElo "2038"]
[BlackElo "1957"]
[PlyCount "75"]
[EventDate "2019.09.07"]
[EventType "team-swiss"]
[EventRounds "9"]
[EventCountry "POL"]
[SourceTitle "EXT 2020"]
[Source "ChessBase"]
[SourceDate "2019.10.17"]
[SourceVersion "1"]
[SourceVersionDate "2019.10.17"]
[SourceQuality "1"]
[WhiteTeam "Raciborz Silesia"]
[BlackTeam "Olsztyn Kopernik"]
[WhiteTeamCountry "POL"]
[BlackTeamCountry "POL"]

1. c4 Nf6 2. Nc3 e6 3. e4 Bb4 4. e5 Ng8 5. Qg4 Bf8 6. d4 Nc6 7. a3 Nge7 8. Nf3 Nf5 9. Bd3 h5 10. Qe4 d6 11. exd6 Nxd6 12. Qe2 Be7 13. b4 Bf6 14. c5 Nxd4 15. Nxd4 Bxd4 16. Bb2 Qf6 17. Nd5 Qxf2+ 18. Qxf2 Bxf2+ 19. Kxf2 exd5 20. cxd6 cxd6 21. Bxg7 Rg8 22. Bb5+ Kd8 23. Bf6+ Kc7 24. Rac1+ Kb8 25. Be7 Rg6 26. Bd3 Rh6 27. Bg5 Rh8 28. Bf4 Rd8 29. Bg5 f6 30. Bf4 a5 31. b5 a4 32. Rhe1 Ka7 33. Re7 d4 34. Rc4 Kb6 35. Rxd4 d5 36. Be3 Kc5 37. Rc4+ Kd6 38. Bc5# 1-0